Sports Quiz

Random Sports or Basketball Quiz

San Antonio Spurs Starting Line-Ups (1990-2018) Quiz Stats

 Plays Quiz not verified by Sporcle

Support Sporcle.
Go Orange.
Score 0/140 Timer 15:00
0 Plays Today
Year % Correct
1997-1998Tim Duncan
98.5%
1998-1999Tim Duncan
98.5%
1999-2000Tim Duncan
98.5%
2000-2001Tim Duncan
98.5%
2001-2002Tim Duncan
98.5%
2002-2003Tim Duncan
98.5%
2003-2004Tim Duncan
98.5%
2004-2005Tim Duncan
98.5%
2005-2006Tim Duncan
98.5%
2006-2007Tim Duncan
98.5%
2007-2008Tim Duncan
98.5%
2008-2009Tim Duncan
98.5%
2009-2010Tim Duncan
98.5%
2010-2011Tim Duncan
98.5%
2011-2012Tim Duncan
98.5%
2012-2013Tim Duncan
98.5%
2013-2014Tim Duncan
98.5%
2014-2015Tim Duncan
98.5%
2015-2016Tim Duncan
98.5%
2001-2002Tony Parker
98.2%
2002-2003Tony Parker
98.2%
2003-2004Tony Parker
98.2%
2004-2005Tony Parker
98.2%
2005-2006Tony Parker
98.2%
2006-2007Tony Parker
98.2%
2007-2008Tony Parker
98.2%
2008-2009Tony Parker
98.2%
2009-2010Tony Parker
98.2%
2010-2011Tony Parker
98.2%
2011-2012Tony Parker
98.2%
2012-2013Tony Parker
98.2%
2013-2014Tony Parker
98.2%
2014-2015Tony Parker
98.2%
2015-2016Tony Parker
98.2%
2016-2017Tony Parker
98.2%
1990-1991David Robinson
98%
1991-1992David Robinson
98%
1992-1993David Robinson
98%
1993-1994David Robinson
98%
1994-1995David Robinson
98%
1995-1996David Robinson
98%
1997-1998David Robinson
98%
1998-1999David Robinson
98%
1999-2000David Robinson
98%
2000-2001David Robinson
98%
2001-2002David Robinson
98%
2002-2003David Robinson
98%
Year % Correct
2011-2012Kawhi Leonard
96.3%
2012-2013Kawhi Leonard
96.3%
2013-2014Kawhi Leonard
96.3%
2014-2015Kawhi Leonard
96.3%
2015-2016Kawhi Leonard
96.3%
2016-2017Kawhi Leonard
96.3%
2003-2004Manu Ginobili
96.1%
2004-2005Manu Ginobili
96.1%
2005-2006Manu Ginobili
96.1%
2010-2011Manu Ginobili
96.1%
2015-2016LaMarcus Aldridge
94%
2016-2017LaMarcus Aldridge
94%
2017-2018LaMarcus Aldridge
94%
2011-2012Danny Green
89.7%
2012-2013Danny Green
89.7%
2013-2014Danny Green
89.7%
2014-2015Danny Green
89.7%
2015-2016Danny Green
89.7%
2016-2017Danny Green
89.7%
2017-2018Danny Green
89.7%
1992-1993Avery Johnson
85.4%
1994-1995Avery Johnson
85.4%
1995-1996Avery Johnson
85.4%
1996-1997Avery Johnson
85.4%
1997-1998Avery Johnson
85.4%
1998-1999Avery Johnson
85.4%
1999-2000Avery Johnson
85.4%
2017-2018Pau Gasol
83.1%
2001-2002Bruce Bowen
80.7%
2002-2003Bruce Bowen
80.7%
2003-2004Bruce Bowen
80.7%
2004-2005Bruce Bowen
80.7%
2005-2006Bruce Bowen
80.7%
2006-2007Bruce Bowen
80.7%
2007-2008Bruce Bowen
80.7%
2017-2018Patty Mills
76.4%
2012-2013Tiago Splitter
71.8%
2013-2014Tiago Splitter
71.8%
1997-1998Jaren Jackson
71.2%
2002-2003Stephen Jackson
71.2%
1990-1991Sean Elliott
70.6%
1991-1992Sean Elliott
70.6%
1992-1993Sean Elliott
70.6%
1994-1995Sean Elliott
70.6%
1995-1996Sean Elliott
70.6%
1996-1997Sean Elliott
70.6%
1997-1998Sean Elliott
70.6%
Year % Correct
1998-1999Sean Elliott
70.6%
2000-2001Sean Elliott
70.6%
2017-2018Kyle Anderson
70.4%
1990-1991Willie Anderson
70.3%
1991-1992Willie Anderson
70.3%
1993-1994Willie Anderson
70.3%
2000-2001Derek Anderson
70.3%
2014-2015Boris Diaw
61.5%
1995-1996Charles Smith
57.9%
2001-2002Steve Smith
57.9%
1993-1994Dennis Rodman
56.7%
2007-2008Fabricio Oberto
53.5%
1993-1994Vinny Del-Negro
51.8%
1994-1995Vinny Del-Negro
51.8%
1995-1996Vinny Del-Negro
51.8%
1996-1997Vinny Del-Negro
51.8%
2007-2008Michael Finley
51.6%
2008-2009Michael Finley
51.6%
2005-2006Nazr Mohammed
48.7%
2003-2004Rasho Nesterovic
46.1%
2004-2005Rasho Nesterovic
46.1%
2008-2009Matt Bonner
44.1%
1998-1999Mario Elie
43.5%
1999-2000Mario Elie
43.5%
2016-2017Dewayne Dedmon
43.1%
2009-2010Richard Jefferson
43%
2010-2011Richard Jefferson
43%
2010-2011DeJuan Blair
39%
2011-2012DeJuan Blair
39%
2006-2007Brent Barry
37.9%
1990-1991Terry Cummings
33.7%
1991-1992Terry Cummings
33.7%
2000-2001Terry Porter
31%
1996-1997Will Perdue
30.5%
1990-1991Rod Strickland
29.7%
1991-1992Rod Strickland
29.7%
2009-2010Antonio McDyess
28.7%
1992-1993Dale Ellis
25.7%
1993-1994Dale Ellis
25.7%
1999-2000Jerome Kersey
21.9%
2008-2009Roger Mason
21.9%
2006-2007Francisco Elson
21.4%
1992-1993Antoine Carr
21.1%
1994-1995J.R. Reid
19.6%
2009-2010Keith Bogans
14.3%
1996-1997Carl Herrera
13.3%

You're not logged in!

Compare scores with friends on all Sporcle quizzes.
OR
Log In

From the Vault

The Unwelcome Guest VII

by Thebiguglyalien

We can't lie - some of these movies might actually be better with these guest stars.
Remove Ads.
Support Sporcle.
Get the best of Sporcle when you Go Orange. This ad-free experience offers more features, more stats, and more fun while also helping to support Sporcle. Thank you for becoming a member.

Show Comments

Extras

Top Quizzes Today


Score Distribution

Your Account Isn't Verified!

In order to create a playlist on Sporcle, you need to verify the email address you used during registration. Go to your Sporcle Settings to finish the process.

Report this User

Report this user for behavior that violates our Community Guidelines.

Details: